| 000 | 01092cam a2200229 4500 | ||
|---|---|---|---|
| 001 | ##L131869 | ||
| 008 | 051213n2002 000 0 eng u | ||
| 020 | _a1860815952 | ||
| 035 | _a(Sirsi) u131869 | ||
| 041 | 0 | _aeng | |
| 050 | 0 | 4 | _a658.99 $2 18 |
| 100 | 1 | _aBassi, R. | |
| 245 | 0 | 0 |
_aElectronic tagging and wireless technologies _bapplication in the construction industry |
| 260 |
_aLondon _bBRE _c2002 |
||
| 300 |
_a6p _btables _c30cm |
||
| 490 | 0 |
_aBRE Information Paper _vIP 16/02(part 1) |
|
| 520 | _aThe first part of this two part information paper gives examples of the use of tagging technology in other industrial sectors, specifically at Lynx Express and Bovis Lend Lease, considers possible applications in the construction industry, and how the industry can be encouraged to adopt the technology. Part two examines the possible potential use of information and communication technology in the construction industry supply chain. | ||
| 651 | 4 |
_aUnited Kingdom _y |
|
| 690 | _aMANAGEMENT-BUSINESS MANAGEMENT-INFORMATION MANAGEMENT | ||
| 700 | 1 | _aParand, F. | |
| 942 | _n0 | ||
| 999 |
_c104885 _d104885 |
||